Účetní a daňová harmonizace v České republice před vstupem do EU v kontextu malého a středního podnikání
Základným trendom v účtovníctve sa stáva aplikácia medzinárodných účtovných štandardov do národnej legislatívy ČR. Dopad aplikácie štandardov na malé a stredné podniky. Charakteristika malých a stredných podnikov. Harmonizácia účtovníctva v praxi. Daňová harmonizácia. Harmonizácia priamych daní. Har...
Gespeichert in:
| 1. Verfasser: | |
|---|---|
| Format: | Buchkapitel |
| Sprache: | Tschechisch |
| Schlagworte: | |
| Tags: |
Keine Tags, Fügen Sie das erste Tag hinzu!
|
MARC
| LEADER | 00000naa$a2200000$$$4500 | ||
|---|---|---|---|
| 001 | 0027479 | ||
| 005 | 20230929124850.5 | ||
| 041 | 0 | |a cze | |
| 044 | |a CZ | ||
| 245 | 1 | 0 | |a Účetní a daňová harmonizace v České republice před vstupem do EU v kontextu malého a středního podnikání |c Ivana Barteczková |
| 520 | |a Základným trendom v účtovníctve sa stáva aplikácia medzinárodných účtovných štandardov do národnej legislatívy ČR. Dopad aplikácie štandardov na malé a stredné podniky. Charakteristika malých a stredných podnikov. Harmonizácia účtovníctva v praxi. Daňová harmonizácia. Harmonizácia priamych daní. Harmonizácia dane z pridanej hodnoty. Harmonizácia spotrebných daní. | ||
| 610 | 2 | 0 | |a účtovníctvo |
| 610 | 2 | 0 | |a dane |
| 610 | 2 | 0 | |a harmonizácia |
| 610 | 2 | 0 | |a Česko |
| 610 | 2 | 0 | |a Európska únia |
| 610 | 2 | 0 | |a štandardy účtovné medzinárodné |
| 610 | 2 | 0 | |a dane priame |
| 610 | 2 | 0 | |a dane z hodnoty pridanej |
| 610 | 2 | 0 | |a dane spotrebné |
| 610 | 2 | 0 | |a podnik malý |
| 610 | 2 | 0 | |a podnik stredný |
| 100 | 1 | |a Barteczková, Ivana | |